| 000 | 00813nam a2200265 i 4500 | ||
|---|---|---|---|
| 001 | bgj | ||
| 100 | 1 | _aSEAL, Bernard | |
| 245 | 1 | 0 |
_aAcademic encounters : _breading, study skills, and writing : content focus, human behavior / _cBernard Seal. |
| 260 |
_aNew York : _bCambridge Univ. Press, _c1997. |
||
| 300 |
_aXX, 220 pp : _bdraw., fig., phot. ; _c26 cm. |
||
| 505 | _aIncl. index. | ||
| 650 | 9 | _aHuman behavior | |
| 650 | 9 |
_aEnglish language _xRhetoric |
|
| 650 | 9 |
_aReaders _xHuman behavior |
|
| 650 | 9 | _aAcademic writing | |
| 650 | 9 | _aCollege readers | |
| 655 | _aTextbooks for foreigners | ||
| 655 | _aProblems, exercises, etc. | ||
| 020 | _a0521476585 (pbk) | ||
| 040 | _cBPK | ||
| 041 | 0 | _aeng | |
| 920 | _a0-521-47658-5 (pbk) | ||
| 942 | _cKS | ||
| 008 | s uk f |000 0 eng | ||
| 999 |
_c48149 _d48149 |
||
| 856 |
_uhttp://koha.tu.koszalin.pl/cgi-bin/koha/opac-detail.pl?biblionumber=48149 _yKatalog online BPK |
||